Rehabilitation and retrofitting of rcc frame structures (Record no. 551173)
[ view plain ]
| 000 -LEADER | |
|---|---|
| fixed length control field | 00406nam a22001457a 4500 |
| 082 ## - DEWEY DECIMAL CLASSIFICATION NUMBER | |
| Classification number | P-397 |
| Author Mark | P-397 |
| 100 ## - MAIN ENTRY--PERSONAL NAME | |
| Personal name | Saad Younas Syndicate # 21 |
| 9 (RLIN) | 48150 |
| 245 ## - TITLE STATEMENT | |
| Title | Rehabilitation and retrofitting of rcc frame structures |
| Statement of responsibility, etc. | Saad Younas, Murtaza |
| 260 ## - PUBLICATION, DISTRIBUTION, ETC. | |
| Date of publication, distribution, etc. | 2008 |
| 300 ## - PHYSICAL DESCRIPTION | |
| Extent | 54 P, : |
| 526 ## - STUDY PROGRAM INFORMATION NOTE | |
| Program name | 0 |
| Interest level | 0 |
| Reading level | 0 |
| Title point value | P_397_P397 |
| 650 ## - SUBJECT ADDED ENTRY--TOPICAL TERM | |
| Topical term or geographic name entry element | Project |
| 700 ## - ADDED ENTRY--PERSONAL NAME | |
| Personal name | Lec Muhammad Ali Shaikh |
| 9 (RLIN) | 48151 |
| 942 ## - ADDED ENTRY ELEMENTS (KOHA) | |
| Source of classification or shelving scheme | |
| Koha item type | Book |
| Withdrawn status | Lost status | Source of classification or shelving scheme | Damaged status | Not for loan | Permanent Location | Current Location | Date acquired | Total Checkouts | Full call number | Barcode | Date last seen | Price effective from | Koha item type | Public note |
|---|---|---|---|---|---|---|---|---|---|---|---|---|---|---|
| Military College of Engineering (MCE) | Military College of Engineering (MCE) | 12/04/2014 | P-397 P-397 | MCE-P-397 | 12/04/2014 | 12/04/2014 | Book | Project |
